000 00769nam a2200253 i 4500
001 C2-0339643
003 PPAK
005 20180728141751.0
008 161220s2017 flua|||| ||||| | eng d
020 _a9781498782760
040 _aPPAK
_beng
_cPPAK
_erda
082 0 4 _a004.023
_223
090 0 0 _a004.023
_bCRI
_dR
100 1 _aCritchley, Terry,
_eauthor
245 1 0 _aMaking it in IT
264 1 _aBoca Raton, Florida :
_bTaylor & Francis Group, LLC ,
_c2017
300 _axxv, 271 pages :
_billustrations ;
_c24 cm
336 _2rdacontent
_atext
337 _2rdamedia
_aunmediated
338 _2rdacarrier
_avolume
500 _aIncludes bibliographical references and index.
650 1 0 _aInformation technology - Vocational guidance.
942 _ddc
_cB
999 _c136889
_d136889